Top 50 Baby Girl Names Beginning with G - Statistics

General Stats
  • This quiz has been taken 279 times
  • The average score is 21 of 50
Answer Stats
Hint Answer % Correct
2 Grace
89%
37 Gina
87%
14 Gabrielle
80%
48 Georgie
77%
12 Gia
76%
11 Gabriela
74%
4 Gabriella
74%
8 Gracie
70%
6 Georgia
66%
16 Gloria
66%
22 Giana
63%
1 Gianna
63%
47 Gema
62%
7 Gemma
62%
21 Gwen
61%
20 Greta
55%
28 Georgina
52%
5 Genevieve
51%
15 Gwendolyn
50%
49 Gisele
47%
13 Giselle
47%
29 Gisselle
47%
50 Gladys
45%
10 Gracelyn
41%
9 Gracelynn
41%
44 Gracyn
36%
43 Grayson
36%
23 Giavanna
35%
19 Giovanna
35%
42 Glory
33%
46 Gwenyth
33%
34 Gwyneth
33%
3 Genesis
32%
35 Guilia
29%
31 Gaia
25%
41 Geraldine
25%
40 Georgiana
24%
27 Goldie
22%
25 Guinevere
22%
32 Geneva
20%
17 Giuliana
18%
26 Gianni
11%
30 Giada
10%
39 Graciela
10%
24 Guadalupe
10%
45 Greer
8%
38 Gentry
3%
33 Grecia
3%
18 Galilea
2%
36 Gitty
1%
No matching quizzes found
Score Distribution
Percent of People with Each Score
Percentile by Number Answered
Your Score History
You have not taken this quiz